Library Logo

Pioneer International University Library Catalogue

The role of business in society / (Record no. 3989)

MARC details
000 -LEADER
fixed length control field 00500cam a2200181 a 4500
005 - DATE AND TIME OF LATEST TRANSACTION
control field 20250901165434.0
008 - FIXED-LENGTH DATA ELEMENTS--GENERAL INFORMATION
fixed length control field 820825s1982 nyu 001 0 eng
010 ## - LIBRARY OF CONGRESS CONTROL NUMBER
LC control number 82071322
020 ## - INTERNATIONAL STANDARD BOOK NUMBER
International Standard Book Number 0814457436
050 00 - LIBRARY OF CONGRESS CALL NUMBER
Classification number HD60 .D52 1982
Item number .D52 1982
082 00 - DEWEY DECIMAL CLASSIFICATION NUMBER
Classification number 658.4
Edition information 19
100 1# - MAIN ENTRY--PERSONAL NAME
Personal name Diebold, John,
Dates associated with a name 1926-2005.
245 14 - TITLE STATEMENT
Title The role of business in society /
Statement of responsibility, etc. John Diebold.
260 ## - PUBLICATION, DISTRIBUTION, ETC.
Place of publication, distribution, etc. New York, NY :
Name of publisher, distributor, etc. AMACOM,
Date of publication, distribution, etc. c1982.
300 ## - PHYSICAL DESCRIPTION
Extent 134 p. ;
Dimensions 22 cm.
500 ## - GENERAL NOTE
General note Includes index.
942 ## - ADDED ENTRY ELEMENTS (KOHA)
Source of classification or shelving scheme Dewey Decimal Classification
Holdings
Withdrawn status Lost status Source of classification or shelving scheme Damaged status Not for loan Home library Current library Shelving location Date acquired Total checkouts Full call number Barcode Date last seen Price effective from Koha item type
    Library of Congress Classification     Main Library Main Library   03/31/2021   HD60 .D52 1982 PIU0003146 03/31/2021 03/31/2021 Books